Life the science of biology / (Registro nro. 82668)

Detalles MARC
000 -CABECERA
campo de control de longitud fija 00816cam a22003012u 4500
001 - NÚMERO DE CONTROL
campo de control L_pm-003362
003 - IDENTIFICADOR DEL NÚMERO DE CONTROL
campo de control AR-PmUNPB
007 - CAMPO FIJO DE DESCRIPCIÓN FÍSICA--INFORMACIÓN GENERAL
campo de control de longitud fija ta
008 - DATOS DE LONGITUD FIJA--INFORMACIÓN GENERAL
campo de control de longitud fija 171002s1998 xxu r 000 0 eng d
020 ## - NÚMERO INTERNACIONAL ESTÁNDAR DEL LIBRO
Número Internacional Estándar del Libro 0534504485
040 ## - FUENTE DE LA CATALOGACIÓN
Centro catalogador/agencia de origen AR-PmUNPB
082 0# - NÚMERO DE LA CLASIFICACIÓN DECIMAL DEWEY
Número de clasificación 574
Número de edición 20
245 00 - MENCIÓN DE TÍTULO
Título Life the science of biology /
Mención de responsabilidad, etc. William K. Purves ... [et al.]
260 ## - PUBLICACIÓN, DISTRIBUCIÓN, ETC. (PIE DE IMPRENTA)
Lugar de publicación, distribución, etc. Estados Unidos :
Nombre del editor, distribuidor, etc. SINAUER,
Fecha de publicación, distribución, etc. 1998
300 ## - DESCRIPCIÓN FÍSICA
Extensión 549 p
500 ## - NOTA GENERAL
Nota general contiene CD
590 ## - NOTA LOCAL (RLIN)
Nota local Registros migrados a formato MARC
650 #7 - PUNTO DE ACCESO ADICIONAL DE MATERIA--TÉRMINO DE MATERIA
Término de materia o nombre geográfico como elemento inicial BIOLOGIA
Fuente del encabezamiento o término Unescot
9 (RLIN) 1755
650 #7 - PUNTO DE ACCESO ADICIONAL DE MATERIA--TÉRMINO DE MATERIA
Término de materia o nombre geográfico como elemento inicial ZOOLOGIA
Fuente del encabezamiento o término Unescot
9 (RLIN) 6346
650 #4 - PUNTO DE ACCESO ADICIONAL DE MATERIA--TÉRMINO DE MATERIA
Término de materia o nombre geográfico como elemento inicial FISIOLOGIA
9 (RLIN) 3326
650 #4 - PUNTO DE ACCESO ADICIONAL DE MATERIA--TÉRMINO DE MATERIA
Término de materia o nombre geográfico como elemento inicial BIOLOGIA
9 (RLIN) 1755
700 1# - PUNTO DE ACCESO ADICIONAL--NOMBRE DE PERSONA
Nombre de persona Purves, William K.
700 1# - PUNTO DE ACCESO ADICIONAL--NOMBRE DE PERSONA
Nombre de persona Taylor, Jane B.
700 1# - PUNTO DE ACCESO ADICIONAL--NOMBRE DE PERSONA
Nombre de persona Gordon, Gordon H.
700 1# - PUNTO DE ACCESO ADICIONAL--NOMBRE DE PERSONA
Nombre de persona Craig Heller, H.
9 (RLIN) 12907
700 1# - PUNTO DE ACCESO ADICIONAL--NOMBRE DE PERSONA
Nombre de persona Sadava, David
9 (RLIN) 12906
942 ## - ELEMENTOS DE PUNTO DE ACCESO ADICIONAL (KOHA)
Tipo de ítem Koha Libros
Existencias
Estado de retiro Estado de pérdida Estado dañado No para préstamo Localización permanente Ubicación/localización actual Fecha de adquisición Total de préstamos Signatura topográfica completa Código de barras Fecha visto por última vez Fecha del último préstamo Precio válido a partir de Tipo de ítem Koha
En estantería Presente   Para el préstamo Madryn: Biblioteca Universitaria "Sede Puerto Madryn" Madryn: Biblioteca Universitaria "Sede Puerto Madryn" 03/10/2017 2 574/P.89 P05081 13/05/2019 09/05/2019 03/10/2017 Libros

Con tecnología Koha